000
00313nam a22001457a 4500
020
_a
978-93-5432-078-1
082
_a
894.812
_b
IND/V
100
_a
INDIGOPAN G.R
245
_a
PAPER ROCKET
260
_a
KOTTAYAM
_b
DC BOOKS
_c
2023
300
_a
189
520
_a
SHORT STORY
650
_a
SHORT STORY
942
_c
BK
999
_c
7096
_d
7096